Statistics for Disney Trivia Part 2

Click here to take the quiz!

General Stats

  • This quiz has been taken 23 times
  • The average score is 12 of 20

Answer Stats

HintAnswer% Correct
Who played Belle in the Live-Action 2017 version?Emma Watson
95%
What is the name of Aladdin's monkey?Abu
90%
The name of Wendy's dog from Peter PanNana
90%
Who sings "Kiss the Girl"?Sebastian
90%
Name the third good fairy from sleeping beauty: Flora, __, and MerryweatherFauna
80%
What's the name of the chameleon in Tangled?Pascal
80%
Which Disney princess is based on a real life person?Pocahontas
80%
What food do both Elsa and Anna love?Chocolate
75%
What is the name of the city in Aladdin?Agrabah
65%
Mufasa's trusted advisor in The Lion KingZazu
65%
What year was Cinderella released?1950
60%
In Beauty and the Beast, what is Belle's father's name?Maurice
60%
What is the name of the daycare in Toy Story 3?Sunnyside
60%
What was Mickey Mouse's first words?Hot Dog
40%
What name does Mulan go by when pretending to be a man?Ping
40%
What is the name of the wind spirit in Frozen 2?Gale
35%
What is the name of Simba and Nala's daughter?Kiara
30%
Which Disney character speaks the least?Dumbo
20%
Where does Mike take Celia for her birthday in Monsters Inc.Harryhausen's
10%
What is the name of the Italian Restaurant in Lady and the Tramp?Tony's Restaurant
5%

Score Distribution

Percentile by Number Answered

Percent of People with Each Score

Your Score History

You have not taken this quiz